Pakistan on the brink : (Record no. 15973)

000 -LEADER
fixed length control field 02161nam a2200205 a 4500
001 - CONTROL NUMBER
control field ASIN1846145872
005 - DATE AND TIME OF LATEST TRANSACTION
control field 20170105102929.0
008 - FIXED-LENGTH DATA ELEMENTS--GENERAL INFORMATION
fixed length control field 131218s2012 xxu eng d
020 ## - INTERNATIONAL STANDARD BOOK NUMBER
International Standard Book Number 9781846145872 (paperback)
Terms of availability $33.00
020 ## - INTERNATIONAL STANDARD BOOK NUMBER
International Standard Book Number 9781846145872 (paperback)
040 ## - CATALOGING SOURCE
Original cataloging agency 0
082 ## - DEWEY DECIMAL CLASSIFICATION NUMBER
Classification number 954.91053
Author Mark RAS 2012
100 1# - MAIN ENTRY--PERSONAL NAME
Personal name Rashid, Ahmed.
245 10 - TITLE STATEMENT
Title Pakistan on the brink :
Remainder of title the future of pakistan, afghanistan and the west /
Statement of responsibility, etc. Ahmed Rashid.
260 ## - PUBLICATION, DISTRIBUTION, ETC.
Place of publication, distribution, etc. [S.l.] :
Name of publisher, distributor, etc. Allen Lane,
Date of publication, distribution, etc. 2012.
300 ## - PHYSICAL DESCRIPTION
Extent 256 p. ;
Dimensions 24 cm.
520 ## - SUMMARY, ETC.
Summary, etc. With Bin Laden dead, Pakistan threatened by internal power struggles, relationships between the United States and Pakistan at an all-time low, and as the US and Britain begin their withdrawal from Afghanistan, what are the possibilities - and hazards - facing the world's most unstable region? Where is the Taliban now, and how do they figure in the future of Pakistan as well as Afghanistan? What does the immediate future hold, and what are the choices that Pakistan, Afghanistan and the West can make? These are some of the crucial questions that Ahmed Rashid takes on in this follow-up to his acclaimed "Descent into Chaos". Rashid correctly predicted that the Iraq war would need to be refocused into Afghanistan, and that Pakistan would emerge as the leading player through which American interests and actions would have to be directed. Now, as Washington and the rest of the West wrestle with negotiating with unreliable and unstable "allies" in Pakistan, there is no better guide to the dark future than Ahmed Rashid. He focuses on the long-term problems: the changing casts of characters, the future of international terrorism, and the actual policies and strategies both within Pakistan and Afghanistan and among the Western allies. As he has done so well in the past, "Pakistan on the Brink" offers sensible solutions and provides a way forward for all countries involved, while the world tries to bring some stability to a fractured region saddled with a legacy of violence and corruption.
856 40 - ELECTRONIC LOCATION AND ACCESS
Materials specified Amazon.com
Uniform Resource Identifier <a href="http://www.amazon.com/exec/obidos/ASIN/1846145872/chopaconline-20">http://www.amazon.com/exec/obidos/ASIN/1846145872/chopaconline-20</a>
942 ## - ADDED ENTRY ELEMENTS (KOHA)
Source of classification or shelving scheme
Koha item type Book
Holdings
Withdrawn status Lost status Damaged status Not for loan Collection code Permanent Location Current Location Shelving location Date acquired Total Checkouts Full call number Barcode Date last seen Price effective from Koha item type
          Centre for International Peace & Stability (CIPS) Centre for International Peace & Stability (CIPS) General Stacks 10/02/2013   954.91053 RAS 2012 CIPS0001716 12/18/2013 12/18/2013 Book
© 2023 Central Library, National University of Sciences and Technology. All Rights Reserved.